Welche Flagge ist die richtige? - Statistiken

Allgemein
  • Dieses Quiz wurde 159 mal gespielt
  • Das Durchschnittsergebnis liegt bei 13 aus 15
Antwortstatistiken
Frage Antwort % Korrekt
Mongolei
98%
Namibia
97%
Dänemark
96%
Montenegro
96%
Marshallinseln
96%
Belarus
95%
Andorra
93%
Ungarn
92%
Nicaragua
90%
Benin
84%
Lesotho
84%
Sierra Leone
82%
Mali
77%
Honduras
75%
Tuvalu
59%
Keine übereinstimmenden Quizze gefunden
Verteilung der Resultate
Anzahl Personen mit jedem Resultat
Perzentil nach korrekt beantworteten Fragen
Ihre Resultats-Entwicklung
Sie haben dieses Quiz noch nicht gespielt